Says Who? Presidents' Famous Words Quiz Stats

Quiz not verified by Sporcle

Challenge
Share
Tweet
Embed
Score 0/25 Timer 03:00
0 Plays Today
President's Famous Words President % Correct
In the past few days, however, it has become evident to me that I no longer have a strong enough political base in the Congress to justify continuing that effort.Richard M. Nixon
67.9%
We are all Federalists. We are all Republicans.Thomas Jefferson
67.9%
Because it's not just Negroes, but really it's all of us, who must overcome the crippling legacy of bigotry and injustice. And we shall overcome.Lyndon B. Johnson
67.2%
Fondly do we hope--fervently do we pray--that this mighty scourge of war may speedily pass away.Abraham Lincoln
65%
I have spoken of a thousand points of light, of all the community organizations that are spread like stars throughout the Nation, doing good.George H.W. Bush
61.3%
The government's view of the economy could be summed up in a few short phrases: If it moves, tax it. If it keeps moving, regulate it. And if it stops moving, subsidize it.Ronald Reagan
59.1%
Now the trumpet summons us again - not as a call to bear arms, though arms we need; not as a call to battle, though embattled we are.John F. Kennedy
54.7%
In the councils of government, we must guard against the acquisition of unwarranted influence, whether sought or unsought, by the military-industrial complex. Dwight D. Eisenhower
51.1%
The American continents ... are henceforth not to be considered as subjects for future colonization by any European powers.James Monroe
43.8%
We demand that big business give people a square deal...Theodore Roosevelt
40.1%
The chief business of the American people is business.Calvin Coolidge
36.5%
It is a fearful thing to lead this great peaceful people into war, into the most terrible and disastrous of all wars, civilization itself seeming to be in the balance.Woodrow Wilson
34.3%
I have always been afraid of banks. Andrew Jackson
34.3%
President's Famous Words President % Correct
I am acutely aware that you have not elected me as your President by your ballots, so I ask you to confirm me with your prayers.Gerald Ford
33.6%
I believe that it must be the policy of the United States to support free peoples who are resisting attempted subjugation by armed minorities or by outside pressures. Harry Truman
32.8%
It is a crisis of confidence. It is a crisis that strikes at the very heart and soul and spirit of our national will. Jimmy Carter
29.2%
We must do what America does best; offer more opportunity to all and demand more responsibility of all.Bill Clinton
27%
It is common sense to take a method and try it. If it fails, admit it frankly and try another. But above all, try something.Franklin D. Roosevelt
23.4%
The great rule of conduct for us in regard to foreign nations is in extending our commercial relations, to have with them as little political connection as possible. George Washington
22.6%
Freedom itself was attacked this morning by a faceless coward, and freedom will be defended. George W. Bush
14.6%
Economic depression cannot be cured by legislative action or executive pronouncement.Herbert Hoover
10.2%
My country has contrived for me the most insignificant office that ever the invention of man contrived or his imagination conceived. John Adams
8%
It was my fortune, or misfortune, to be called to the office of Chief Executive without any previous political training. Ulysses S. Grant
4.4%
What is government itself but the greatest of all reflections on human nature? If men were angels, no government would be necessary.James Madison
3.6%
Always vote for principle, though you may vote alone, and you may cherish the sweetest reflection that your vote is never lost.John Quincy Adams
1.5%

You're not logged in!

Compare scores with friends on all Sporcle quizzes.
Sign Up with Email
OR
Log In

You Might Also Like...

Show Comments

Extras

Top Quizzes Today


Score Distribution

Your Account Isn't Verified!

In order to create a playlist on Sporcle, you need to verify the email address you used during registration. Go to your Sporcle Settings to finish the process.